000 00769nas a2200253 4500
001 BR8904138
003 BR-BrBNA
005 20231205091653.0
007 ta
008 230509b bl.|||p| |||| 00| 00por d
040 _aBR-BrBNA
_bpor
_cBiblioteca Nacional de Agricultura
041 _a(Pt)
072 _aL20
100 1 _aAraujo-Lima, C.A.R.M.
100 1 _aHardy, E.
245 1 _aAspectos biologicos de peixes amazonicos. 8. A alimentacao dos alevinos do Jaraqui, Semaprochilodus insignis
650 _aPEIXE
650 _aBIOLOGIA ANIMAL
650 _aNUTRICAO ANIMAL
650 _aAMAZONAS
773 0 _tAmazoniana (Brazil)
_xISSN 0065-6755
_g(1987), v. 10(2) p. 127-136
_wBR8904138
909 _a202311
_bLúcia
_c55
_dLúcia Elande
942 _2AGRIS
_n0
_cANA
999 _c126584
_d126584